Top AFL players 2025 - Statistics

General Stats
  • This quiz has been taken 123 times
  • The average score is 34 of 50
Answer Stats
Rank Position Team Player % Correct
1 Midfield Collingwood Nick Daicos
100%
5 Midfield Carlton Patrick Cripps
99%
2 Midfield Western Bulldogs Marcus Bontempelli
98%
3 Midfield Port Adelaide Zak Butters
94%
6 Forward Geelong Jeremy Cameron
93%
7 Midfield Brisbane Lachie Neale
93%
10 Ruck Melbourne Max Gawn
91%
13 Midfield Geelong Bailey Smith
89%
11 Midfield Adelaide Jordan Dawson
89%
4 Midfield Sydney Isaac Heeney
88%
15 Midfield Melbourne Christian Petracca
86%
8 Midfield Port Adelaide Connor Rozee
86%
9 Midfield Sydney Chad Warner
85%
12 Midfield Essendon Zach Merrett
84%
20 Midfield Gold Coast Matt Rowell
80%
18 Forward GWS Jesse Hogan
78%
32 Midfield Gold Coast Noah Anderson
78%
16 Defender GWS Sam Taylor
78%
35 Midfield GWS Tom Green
78%
21 Defender Brisbane Harris Andrews
74%
30 Midfield Fremantle Caleb Serong
73%
33 Midfield Sydney Errol Gulden
73%
14 Midfield Geelong Patrick Dangerfield
73%
26 Forward Carlton Charlie Curnow
71%
17 Rover Adelaide Izak Rankine
71%
34 Midfield Fremantle Andrew Brayshaw
69%
29 Midfield North Melbourne Harry Sheezel
65%
31 Ruck North Melbourne Tristian Xerri
65%
23 Midfield Western Bulldogs Ed Richards
63%
37 Forward Western Bulldogs Sam Darcy
63%
28 Forward Collingwood Jamie Elliot
61%
41 Midfield GWS Toby Greene
60%
25 Defender GWS Lachie Whitfield
58%
42 Ruck St Kilda Rowan Marshall
56%
27 Midfield Western Bulldogs Tom Liberatore
56%
50 Midfield Gold Coast Touk Miller
56%
47 Defender Hawthorn James Sicily
55%
19 Midfield Collingwood Steele Sidebottom
55%
43 Forward Adelaide Riley Thilthorpe
54%
24 Defender Collingwood Dan Houston
53%
40 Defender Geelong Tom Stewart
53%
39 Defender Carlton Jacob Weitering
51%
49 Forward Collingwood Jordan De Goey
51%
36 Midfield Hawthorn Will Day
51%
48 Forward Melbourne Kysaiah Pickett
48%
45 Defender St Kilda Nasiah Wanganeen-Millera
48%
44 Midfield Western Bulldogs Adam Treloar
45%
38 Midfield Port Adelaide Jason Horne-Francis
45%
46 Forward Fremantle Shai Bolton
34%
22 Forward Brisbane Hugh McCluggage
33%
No matching quizzes found
Score Distribution
Percent of People with Each Score
Percentile by Number Answered
Your Score History
You have not taken this quiz